<?xml version="1.0" encoding="UTF-8"?>
<collection xmlns="http://www.loc.gov/MARC21/slim">
 <record>
  <leader>00605pamaa2200181   4500</leader>
  <controlfield tag="001">0000050930</controlfield>
  <controlfield tag="005">20121219090000.0</controlfield>
  <controlfield tag="008">121219s2002                             eng  </controlfield>
  <datafield tag="020" ind1="0" ind2="0">
   <subfield code="a">0534519423 (pbk.) </subfield>
  </datafield>
  <datafield tag="090" ind1="0" ind2="0">
   <subfield code="a">HV6025 </subfield>
   <subfield code="b">SIE 2002</subfield>
  </datafield>
  <datafield tag="100" ind1="1" ind2="0">
   <subfield code="a">Siegel </subfield>
  </datafield>
  <datafield tag="245" ind1="1" ind2="0">
   <subfield code="a">Criminology : </subfield>
   <subfield code="b">the core  </subfield>
   <subfield code="c">Larry J. Siegel..</subfield>
  </datafield>
  <datafield tag="260" ind1="0" ind2="0">
   <subfield code="a">Belmont, CA: </subfield>
   <subfield code="b">Wadsworth Thomson Learning, </subfield>
   <subfield code="c">c2002.</subfield>
  </datafield>
  <datafield tag="300" ind1=" " ind2=" ">
   <subfield code="a">1 v. (various pagings): </subfield>
   <subfield code="b">col. ill., col. map; </subfield>
   <subfield code="c">28 cm.</subfield>
  </datafield>
  <datafield tag="504" ind1="0" ind2="0">
   <subfield code="a">Includes bibliographical references and index</subfield>
  </datafield>
  <datafield tag="650" ind1="0" ind2="0">
   <subfield code="a">Criminology </subfield>
  </datafield>
  <datafield tag="650" ind1="0" ind2="0">
   <subfield code="a">Crime -- </subfield>
   <subfield code="z">United States </subfield>
  </datafield>
  <datafield tag="901" ind1=" " ind2=" ">
   <subfield code="u">http://www.wadsworth.com</subfield>
  </datafield>
 </record>
</collection>
